[Event "2020 Standard Chess Dropout Tournament, Round 3"]
[Site "SchemingMind.com"]
[Date "2020.11.18"]
[Round "3"]
[White "Andreas Flato"]
[Black "pengle"]
[Result "1/2-1/2"]
[WhiteCountry "GER"]
[BlackCountry "USA"]
[WhiteElo "1811"]
[WhiteRD "116"]
[BlackElo "1638"]
[BlackRD "92"]
[GameID "462076"]

1. e4 c5 2. f4 e6 3. Nf3 b6 4. Nc3 Bb7 5. Be2 g6 6. O-O Bg7 7. d4 cxd4 8. Nxd4 Nc6 9. Be3 Nge7 10. Ncb5 Nc8
11. c4 O-O 12. e5 a6 13. Nxc6 Bxc6 14. Nd6 Nxd6 15. Qxd6 Rb8 16. b4 Re8 17. b5 axb5 18. cxb5 Be4 19. Rfd1 Re7 20. Rac1 Bd5
21. a3 Bf8 22. Rc7 Re8 23. Qxd7 Qxd7 24. Rxd7 Bxa3 25. Ra1 Bc5 26. Bxc5 bxc5 27. Raa7 Rf8 28. Rdc7 c4 29. Ra5 Rfc8 30. Rxc8+ Rxc8
31. Bd1 Rb8 32. Bc2 Kg7 33. Kf2 h6 34. g3 h5 35. Ke3 Rb6 36. Kd4 Kf8 37. Kc5 Rb8 38. b6 Ke8 39. Ra7 Rc8+ 40. Kb4 Rb8
41. Ba4+ Kf8 42. Kc5 Rc8+ 43. Kd6 c3 44. Rc7 Rb8 45. Rxc3=
1/2-1/2

[Event "2020 Standard Chess Dropout Tournament, Round 3"]
[Site "SchemingMind.com"]
[Date "2020.11.17"]
[Round "3"]
[White "Arnold Jones"]
[Black "Mike Smith"]
[Result "0-1"]
[WhiteCountry "ENG"]
[BlackCountry "ENG"]
[WhiteElo "1553"]
[WhiteRD "67"]
[BlackElo "2051"]
[BlackRD "90"]
[GameID "462077"]

1. d4 f5 2. c4 Nf6 3. Nc3 g6 4. Bg5 Bg7 5. Nf3 d6 6. Qc2 c6 7. O-O-O Be6 8. Bxf6 Bxf6 9. d5 Bf7 10. dxc6 bxc6
11. e3 O-O 12. c5 d5 13. g3 Qa5 14. Na4 Nd7 15. Nd4 Rfc8 16. a3 e5 17. b4 Qc7 18. Ba6 exd4 19. Bxc8 Rxc8 20. exd4 Re8
21. f4 Re4 22. Qf2 Nf8 23. Nc3 Re7 24. a4 Ne6 25. Rd3 Qb8 26. Kc2 Qxb4 27. Rb1 Nxd4+ 28. Kd2 Qxc5 29. Rc1 Nb3+ 30. Kc2 Qxf2+
31. Kxb3 Rb7+ 32. Nb5 Qb2#
0-1

[Event "2020 Standard Chess Dropout Tournament, Round 3"]
[Site "SchemingMind.com"]
[Date "2020.11.21"]
[Round "3"]
[White "Mike Winslow"]
[Black "Udo Sprang"]
[Result "1/2-1/2"]
[WhiteCountry "USA"]
[BlackCountry "NED"]
[WhiteElo "1932"]
[WhiteRD "91"]
[BlackElo "2007"]
[BlackRD "110"]
[GameID "462078"]

1. d4 d5 2. c4 dxc4 3. Nf3 Nf6 4. e3 e6 5. Bxc4 Nc6 6. O-O Bd6 7. Nc3 Ne7 8. e4 Bb4 9. Qa4+ Nc6 10. Ne5 Bxc3
11. bxc3 Bd7 12. Nxd7 Qxd7 13. Re1 O-O 14. Bb5 a6 15. Bxc6 Qxc6 16. Qxc6 bxc6 17. Bf4 Rfc8 18. Rab1 Rab8 19. f3 Rxb1 20. Rxb1 h6
21. Rb7 Ne8 22. h4 Nd6 23. Ra7 Nb5 24. Rxa6 Nxc3 25. Kf2 Nb5 26. Ke3 Rd8 27. a4 Nxd4 28. Bxc7 Rd7 29. Be5 Nc2+ 30. Ke2 Nd4+
31. Bxd4 Rxd4 32. a5 Rc4 33. Kd3 Ra4 34. Kc3 c5 35. Ra8+ Kh7 36. a6 Kg6 37. g4=
1/2-1/2

[Event "2020 Standard Chess Dropout Tournament, Round 3"]
[Site "SchemingMind.com"]
[Date "2020.11.18"]
[Round "3"]
[White "Robert Bruce"]
[Black "Abstract Actuary"]
[Result "1-0"]
[WhiteCountry "SCO"]
[BlackCountry "USA"]
[WhiteElo "2409"]
[WhiteRD "72"]
[BlackElo "1858"]
[BlackRD "71"]
[GameID "462079"]

1. f4 d5 2. Nf3 c5 3. g3 Nc6 4. d3 Nf6 5. Bg2 g6 6. O-O Bg7 7. Qe1 O-O 8. Na3 a6 9. e4 dxe4 10. dxe4 e5
11. Nc4 exf4 12. Bxf4 Re8 13. Rd1 Qe7 14. Nb6 Ra7 15. Nxc8 Rxc8 16. Bh3 Re8 17. e5 Nh5 18. Bg5 f6 19. Rd7 Qf8 20. Qd2 Nxe5
21. Qd5+ Kh8 22. Nxe5 Rxe5 23. Qxe5 fxe5 24. Rxf8+ Bxf8 25. g4 Ng7 26. Bf6 Ra8 27. g5 Re8 28. Rxb7 e4 29. Bd7 Ra8 30. Bc6 Rc8
31. Bxe4 c4 32. Rf7 a5 33. a4
1-0

[Event "2020 Standard Chess Dropout Tournament, Round 3"]
[Site "SchemingMind.com"]
[Date "2020.11.19"]
[Round "3"]
[White "Andrea Carra"]
[Black "pjl1015"]
[Result "0-1"]
[WhiteCountry "ITA"]
[BlackCountry "USA"]
[WhiteElo "1923"]
[WhiteRD "115"]
[BlackElo "2408"]
[BlackRD "105"]
[GameID "462080"]

1. e4 e6 2. d4 d5 3. Nc3 Nf6 4. e5 Nfd7 5. f4 c5 6. Nf3 Nc6 7. Be3 a6 8. Qd2 b5 9. dxc5 Bxc5 10. Qf2 Qb6
11. Bxc5 Nxc5 12. a3 b4 13. axb4 Nxb4 14. Na4 Qa5 15. c3 Nbd3+
0-1

[Event "2020 Standard Chess Dropout Tournament, Round 3"]
[Site "SchemingMind.com"]
[Date "2020.11.21"]
[Round "3"]
[White "David Hartley"]
[Black "Wolli"]
[Result "1-0"]
[WhiteCountry "ENG"]
[BlackCountry "GER"]
[WhiteElo "1759"]
[WhiteRD "74"]
[BlackElo "1605"]
[BlackRD "92"]
[GameID "462081"]

1. e4 d6 2. d4 Nf6 3. Nc3 g6 4. Nf3 Bg7 5. Be3 Bg4 6. Be2 O-O 7. O-O Nc6 8. h3 Bxf3 9. Bxf3 e5 10. d5 Ne7
11. Ne2 c6 12. c4 b5 13. b3 bxc4 14. bxc4 cxd5 15. cxd5 Nd7 16. Qd2 Nc5 17. Rfc1 Rc8 18. Rc2 f5 19. exf5 Nxf5 20. Rac1 Nxe3
21. Qxe3 Qa5 22. Ng3 Qa4 23. Ne4 Qd4 24. Nxd6 Qxe3 25. fxe3 Rcd8 26. Rxc5 Rxd6 27. Rc6 Rxc6 28. dxc6 Rc8 29. Bd5+ Kf8 30. e4 Ke7
31. Rb1 Kd6 32. a4 Bh6 33. Kf2 Bd2 34. Rb7 Rc7 35. Rb2 Bc3 36. Rb3 Bd4+ 37. Kf3 h6 38. Rb8 Rg7 39. Ke2 h5 40. Kd3 g5
41. Ke2 g4 42. Rh8 gxh3 43. gxh3 Rg2+ 44. Kf3 Rf2+ 45. Kg3 Ra2 46. Bxa2
1-0

[Event "2020 Standard Chess Dropout Tournament, Round 3"]
[Site "SchemingMind.com"]
[Date "2020.11.19"]
[Round "3"]
[White "Diadoco"]
[Black "Clive Everill"]
[Result "0-1"]
[WhiteCountry "MEX"]
[BlackCountry "CZE"]
[WhiteElo "1918"]
[WhiteRD "118"]
[BlackElo "1772"]
[BlackRD "59"]
[GameID "462083"]

1. e4 c6 2. d4 d5 3. exd5 cxd5 4. c4 Nf6 5. Nc3 e6 6. Nf3 Bb4 7. cxd5 Nxd5 8. Qc2 Nc6 9. Bd3 h6 10. O-O Nxc3
11. bxc3 Bd6 12. Re1 Bd7 13. d5 Na5 14. dxe6 Bxe6 15. Nd4 O-O 16. Nxe6 fxe6 17. Rxe6 Qc7 18. g3 Rae8 19. Rxe8 Rxe8 20. Be3 b6
21. Bd4 Nc6 22. Be3 Ne5 23. Be2 Rc8 24. Bd4 Nc6 25. Qb3+ Kh8 26. Qe6 Nxd4 27. cxd4 Rf8 28. Rd1 Be7 29. d5 Bd6 30. Bd3 Qc5
31. Qg6 Qxf2+ 32. Kh1 Qf3+ 33. Kg1 Bc5#
0-1

[Event "2020 Standard Chess Dropout Tournament, Round 3"]
[Site "SchemingMind.com"]
[Date "2020.11.21"]
[Round "3"]
[White "Don71"]
[Black "pnwmusichound"]
[Result "1-0"]
[WhiteCountry "NIR"]
[BlackCountry "USA"]
[WhiteElo "2278"]
[WhiteRD "107"]
[BlackElo "1806"]
[BlackRD "104"]
[GameID "462084"]

1. e4 e5 2. Nf3 Nf6 3. Nc3 d6 4. d4 Nbd7 5. Bc4 Be7 6. Ng5 d5 7. exd5 O-O 8. O-O h6 9. Nge4 Nxe4 10. Nxe4 Nb6
11. Bb3 Nxd5 12. dxe5 c6 13. Nd6 Bxd6 14. exd6 Qxd6 15. c4 Qg6 16. cxd5 Bh3 17. Qf3 Bd7 18. Bf4 Rad8 19. d6 Rfe8 20. Bg3 Bg4
21. Bxf7+ Kh8 22. Bxg6
1-0

[Event "2020 Standard Chess Dropout Tournament, Round 3"]
[Site "SchemingMind.com"]
[Date "2020.11.19"]
[Round "3"]
[White "FransEvers"]
[Black "j4orce"]
[Result "1-0"]
[WhiteCountry "NED"]
[BlackCountry "USA"]
[WhiteElo "2135"]
[WhiteRD "103"]
[BlackElo "1660"]
[BlackRD "134"]
[GameID "462085"]

1. e4 e5 2. Nf3 Nc6 3. Be2 d6 4. c3 f5 5. d3 d5 6. exd5 Qxd5 7. O-O f4 8. c4 Qd6 9. Nc3 a6 10. Ne4 Qd7
11. a3 Nf6 12. b4 h6 13. b5 axb5 14. cxb5 Nd4 15. Nxe5 Qf5 16. Nxf6+ Ke7 17. Bg4 Qxf6 18. Bxc8 Kd8 19. Ng4 Qb6 20. Bxb7 Qxb7
21. Ne5 f3 22. Nxf3 Nxf3+ 23. Qxf3 Qxf3 24. gxf3 Ra4 25. Bb2 Bd6 26. Kg2 Rh4 27. h3 Rh5 28. Rh1 Rxb5 29. Bc1 Rf8 30. a4 Rbf5
31. a5 Bb4 32. a6 Ba5 33. Be3 Rb5 34. Rhb1 Rxb1 35. Rxb1 c6 36. Rb8+
1-0

[Event "2020 Standard Chess Dropout Tournament, Round 3"]
[Site "SchemingMind.com"]
[Date "2020.11.21"]
[Round "3"]
[White "Aleksandr Frenkel"]
[Black "NYNH"]
[Result "1-0"]
[WhiteCountry "USA"]
[BlackCountry "USA"]
[WhiteElo "2440"]
[WhiteRD "100"]
[BlackElo "2058"]
[BlackRD "108"]
[GameID "462086"]

1. e4 c5 2. Nf3 d6 3. d4 cxd4 4. Nxd4 Nf6 5. Nc3 a6 6. Be3 Ng4 7. Bg5 h6 8. Bh4 g5 9. Bg3 Bg7 10. h3 Ne5
11. Qd2 Nbc6 12. O-O-O Nxd4 13. Qxd4 Be6 14. Nd5 Rc8 15. f4 gxf4 16. Bxf4 Rg8 17. Qb4 b5 18. Kb1 Nc4 19. Bc1 Qd7 20. Qe1 Qc6
21. Bd3 Ne5 22. Qe2 Nxd3 23. Rxd3 f5 24. Nb4 Qc4 25. exf5 Bxf5 26. Qh5+ Qf7 27. Qxf7+ Kxf7 28. Rf3 Kg6 29. Re1 Rc4 30. Bd2
1-0

[Event "2020 Standard Chess Dropout Tournament, Round 3"]
[Site "SchemingMind.com"]
[Date "2020.11.17"]
[Round "3"]
[White "Glenn O'Brien"]
[Black "FransEvers"]
[Result "0-1"]
[WhiteCountry "AUS"]
[BlackCountry "NED"]
[WhiteElo "2005"]
[WhiteRD "87"]
[BlackElo "2123"]
[BlackRD "101"]
[GameID "462088"]

1. e4 d6 2. d4 Nf6 3. Nc3 e5 4. Nf3 Nbd7 5. Bc4 Be7 6. O-O O-O 7. Re1 c6 8. a4 b6 9. d5 cxd5 10. Nxd5 Bb7
11. b3 Rc8 12. Re2 Nc5 13. Nxf6+ Bxf6 14. Bd5 Bxd5 15. Qxd5 Qc7 16. Ba3 Rfd8 17. Bxc5 dxc5 18. Qc4 Rd6 19. Re3 Rcd8 20. Rd3 h6
21. Rad1 Qe7 22. Qa6 Qc7 23. R1d2 Rxd3 24. cxd3 g6 25. Rc2 Qd7 26. Rc3 Kg7 27. a5 b5 28. g3 Be7 29. h3 Bd6 30. g4 Re8
31. b4 Re6 32. bxc5 Bxc5 33. Qxe6 Bxf2+ 34. Kxf2 Qxe6 35. Rc5 Qa2+ 36. Ke3 Qxa5 37. Nxe5 Qb6 38. d4 b4 39. Rc6 Qa5 40. Rc5 Qa3+
41. Nd3 b3 42. Rb5 a5 43. d5 a4 44. e5 Qa1 45. Kd2 a3 46. e6 fxe6 47. dxe6 b2 48. Rb7+ Kf8 49. Rb8+ Ke7 50. Rb7+ Kxe6
51. Rb6+ Kd7 52. Kc2 Qf1 53. Rb7+ Kc8
0-1

[Event "2020 Standard Chess Dropout Tournament, Round 3"]
[Site "SchemingMind.com"]
[Date "2020.11.16"]
[Round "3"]
[White "Holty"]
[Black "Robert Hatfield"]
[Result "1-0"]
[WhiteCountry "ENG"]
[BlackCountry "USA"]
[WhiteElo "1851"]
[WhiteRD "63"]
[BlackElo "1786"]
[BlackRD "64"]
[GameID "462089"]

1. d4 Nf6 2. Nc3 d5 3. Bf4 c6 4. e3 Bf5 5. f3 e6 6. g4 Bg6 7. h4 h6 8. Bd3 Bxd3 9. Qxd3 Bd6 10. Nge2 Qe7
11. Bxd6 Qxd6 12. a3 Nbd7 13. O-O-O O-O-O 14. Rdg1 b5 15. g5 Nh5 16. g6 f5 17. Kb1 Ndf6 18. Nc1 Kb8 19. N3e2 Ka8 20. Ka1 Rhf8
21. Qc3 Rb8 22. Nd3 Nd7 23. Rc1 Nhf6 24. Nef4 Nb6 25. Qc5 Nc4 26. Qxd6 Nxd6 27. Nxe6 Rg8 28. Ndc5 a5 29. b3 Nb7 30. Nd3 Ka7
31. Ne5 Rbc8 32. Rhe1 c5 33. c4 cxd4 34. Nxd4 dxc4 35. bxc4 bxc4 36. Nec6+
1-0

[Event "2020 Standard Chess Dropout Tournament, Round 3"]
[Site "SchemingMind.com"]
[Date "2020.11.16"]
[Round "3"]
[White "im_cincinnati_kid37"]
[Black "Michael Preier"]
[Result "0-1"]
[WhiteCountry "USA"]
[BlackCountry "GER"]
[WhiteElo "1137"]
[WhiteRD "77"]
[BlackElo "1519"]
[BlackRD "137"]
[GameID "462090"]

1. e4 e5 2. Nf3 Nc6 3. Bb5 a6 4. Ba4 Nf6 5. O-O Nxe4 6. d4 Bd6 7. dxe5 Bc5 8. Nbd2 Nxd2 9. Bxd2 O-O 10. a3 Re8
11. Re1 d6 12. exd6 Bxd6 13. Rxe8+ Qxe8 14. Be3 Bg4 15. c3 Rd8 16. h3 Bh2+ 17. Kxh2 Rxd1 18. Rxd1 Bxf3 19. gxf3 b5 20. Bb3 h6
21. Kg2 Qe5 22. f4 Qe4+ 23. Kg3 Ne7 24. f3 Nf5+ 25. Kg2 Nxe3+
0-1

[Event "2020 Standard Chess Dropout Tournament, Round 3"]
[Site "SchemingMind.com"]
[Date "2020.11.18"]
[Round "3"]
[White "John Hamer"]
[Black "Robert Pallett"]
[Result "0-1"]
[WhiteCountry "ENG"]
[BlackCountry "ENG"]
[WhiteElo "1900"]
[WhiteRD "61"]
[BlackElo "2369"]
[BlackRD "96"]
[GameID "462091"]

1. d4 d5 2. c4 e6 3. Nf3 Nf6 4. a3 c5 5. e3 a6 6. Nc3 dxc4 7. Bxc4 b5 8. Ba2 Bb7 9. O-O Nbd7 10. Re1 Rc8
11. d5 c4 12. e4 Bc5 13. dxe6 fxe6 14. Ng5 Qb6 15. Be3 h6 16. Nf3 Ng4 17. Qe2 Nxe3 18. fxe3 O-O 19. Rad1 Nf6 20. Ne5 Qc7
21. Ng6 Rf7 22. e5 Nd7 23. Qh5 Rf5 24. Qh3 Bxg2 25. Kxg2 Qc6+ 26. e4 Rg5+ 27. Kh1 Rxg6 28. Bb1 Rf8 29. Rf1 Rxf1+ 30. Rxf1 Nxe5
31. Ne2 Qd6 32. Nf4 Rf6 33. Bc2 Qf8 34. Qg3 g5 35. b4 Ba7 36. Qh3 Bd4 37. a4 Rxf4
0-1

[Event "2020 Standard Chess Dropout Tournament, Round 3"]
[Site "SchemingMind.com"]
[Date "2020.11.20"]
[Round "3"]
[White "j4orce"]
[Black "Glenn O'Brien"]
[Result "1-0"]
[WhiteCountry "USA"]
[BlackCountry "AUS"]
[WhiteElo "1744"]
[WhiteRD "137"]
[BlackElo "1926"]
[BlackRD "86"]
[GameID "462092"]

1. d4 Nf6 2. c4 e6 3. Bg5 h6 4. Bh4 Bb4+ 5. Nc3 c5 6. a3 Bxc3+ 7. bxc3 Qa5 8. Qd3 Ne4 9. Rc1 Qxa3 10. Qc2 cxd4
11. e3 g5 12. Bg3 Nxg3 13. hxg3 Qxc3+ 14. Qxc3 dxc3 15. Ne2 Na6 16. Nxc3 Nc5 17. Be2 a6 18. Rb1 f5 19. g4 Ne4 20. Na4 fxg4
21. Bxg4 Rb8 22. Bh5+ Ke7 23. Bg6 Nd6 24. Nb6 Nf5 25. Bxf5 exf5 26. Nd5+ Kd6 27. Rb6+ Kc5 28. Kd2 Ra8 29. Kc3 d6 30. Ra1 a5
31. Rab1 Bd7 32. Nc7 Rae8 33. Nxe8 Rxe8 34. Rxb7 Bc6 35. Ra7 d5 36. Rxa5+ Kd6 37. Rb6 dxc4 38. Rxf5 Kc7 39. Ra6 Kb7 40. Raa5 Bxg2
41. Rf6 Rc8 42. Rxh6 g4 43. Rg6 Bf3 44. Rag5 Ka7 45. Rxg4 Bxg4 46. Rxg4 Rf8 47. Rf4 Re8 48. Rxc4 Kb6 49. Kd3 Rd8+ 50. Rd4 Rf8
51. f4 Kc5 52. Ke4 Re8+ 53. Kf3 Rh8 54. f5 Rh7 55. Rd2 Rh1 56. Kf4 Rh4+ 57. Kg5 Re4 58. f6 Rxe3 59. f7 Rf3 60. Kg6 Rg3+
61. Kf6 Rf3+ 62. Ke7 Re3+ 63. Kf8 Re1 64. Rg2 Rf1 65. Kg7 Rxf7+ 66. Kxf7 Kd5 67. Rg4 Ke5 68. Kg6 Kd5 69. Kf6 Kc6 70. Rg5 Kd6
71. Re5 Kc6 72. Ke7 Kb7 73. Rc5 Ka6 74. Kd7 Kb6 75. Kd6 Kb7 76. Rc6 Kb8 77. Rc7 Ka8 78. Kc6 Kb8 79. Kb6 Ka8 80. Rc8#
1-0

[Event "2020 Standard Chess Dropout Tournament, Round 3"]
[Site "SchemingMind.com"]
[Date "2020.11.17"]
[Round "3"]
[White "JimM"]
[Black "im_cincinnati_kid37"]
[Result "1-0"]
[WhiteCountry "USA"]
[BlackCountry "USA"]
[WhiteElo "1672"]
[WhiteRD "81"]
[BlackElo "1144"]
[BlackRD "80"]
[GameID "462094"]

1. e4 e5 2. Nf3 Nc6 3. Bb5 a6 4. Ba4 b5 5. Bb3 d6 6. O-O Nf6 7. Ng5 h6 8. Bxf7+ Ke7 9. Bd5 Nxd5 10. exd5 hxg5
11. dxc6 Be6 12. d4 exd4 13. Bxg5+
1-0

[Event "2020 Standard Chess Dropout Tournament, Round 3"]
[Site "SchemingMind.com"]
[Date "2020.11.16"]
[Round "3"]
[White "Lanaroon"]
[Black "maro"]
[Result "1-0"]
[WhiteCountry "ENG"]
[BlackCountry "MEX"]
[WhiteElo "1511"]
[WhiteRD "102"]
[BlackElo "1487"]
[BlackRD "60"]
[GameID "462096"]

1. e4 e5 2. Nf3 d6 3. d4 exd4 4. c3 dxc3 5. Nxc3 Nc6 6. Bc4 Nf6 7. Ng5 Ne5 8. Bf4 h6 9. Bxe5 dxe5 10. Qxd8+ Kxd8
11. Nxf7+ Ke8 12. Nxh8 Bd7 13. Bf7+ Ke7 14. O-O-O Rd8 15. Bh5 Nxh5 16. Nd5+ Ke6 17. Ng6 Bc5 18. Rhf1 Bb5 19. Nxc7+ Kf6 20. Nxb5 Rxd1+
21. Kxd1 Kxg6 22. g4 Nf4 23. Kc2 a6 24. Nc3 Ne2 25. Nxe2
1-0

[Event "2020 Standard Chess Dropout Tournament, Round 3"]
[Site "SchemingMind.com"]
[Date "2020.11.17"]
[Round "3"]
[White "William Lindberg"]
[Black "Ramesh Panwar"]
[Result "1/2-1/2"]
[WhiteCountry "USA"]
[BlackCountry "IND"]
[WhiteElo "2471"]
[WhiteRD "68"]
[BlackElo "2554"]
[BlackRD "85"]
[GameID "462097"]

1. e4 c5 2. Nf3 Nc6 3. Bb5 e6 4. O-O Nge7 5. c4 Ng6 6. d4 cxd4 7. Nxd4 Be7 8. Nc3 O-O 9. Be3 Qc7 10. f4 a6
11. Nxc6 bxc6 12. Ba4 a5 13. Bc2 Rb8 14. b3 d5 15. exd5 cxd5 16. f5 Bc5 17. Bxc5 Qxc5+ 18. Kh1 Ne7 19. f6 gxf6 20. Bxh7+ Kg7
21. Qg4+ Ng6 22. Qg3 Ba6 23. Bxg6 fxg6 24. Rae1 Rbe8 25. h3 Qc6 26. Rf4 e5 27. Rg4 f5 28. cxd5 Qf6 29. Ra4 Rc8 30. Qe3 e4
31. Ne2 Bxe2 32. Qxe2 Rc5 33. Rd1 Rfc8 34. Rc4 Rxc4 35. bxc4 Qd6 36. Qb2+ Kf7 37. Qd4 Qc5 38. d6 Qxd4 39. Rxd4 Ke6 40. d7 Rd8
41. g4 fxg4 42. Rxe4+ Kd6 43. Rxg4 Kc5 44. Kh2 Rxd7 45. Rxg6 Kxc4 46. h4 Rd2+ 47. Rg2 Rd4=
1/2-1/2

[Event "2020 Standard Chess Dropout Tournament, Round 3"]
[Site "SchemingMind.com"]
[Date "2020.11.21"]
[Round "3"]
[White "Simon Green"]
[Black "Holty"]
[Result "0-1"]
[WhiteCountry "ENG"]
[BlackCountry "ENG"]
[WhiteElo "1592"]
[WhiteRD "64"]
[BlackElo "1818"]
[BlackRD "62"]
[GameID "462098"]

1. d4 d6 2. e3 Nf6 3. f4 g6 4. Bd3 Bg7 5. Nf3 O-O 6. O-O c5 7. c3 Nc6 8. Nbd2 e5 9. fxe5 dxe5 10. Bb5 Ng4
11. Qe1 cxd4 12. exd4 Bd7 13. dxe5 Ngxe5 14. Bxc6 Nxc6 15. Nb3 b6 16. Bd2 Re8 17. Qf2 a5 18. Rae1 Qc7 19. Nfd4 f5 20. Bf4 Qb7
21. Qf3 Rac8 22. Qd5+ Kh8 23. Nb5 Rxe1 24. Rxe1 Re8 25. Rxe8+ Bxe8 26. Nd6 Qe7 27. Nxe8 Qxe8 28. Kf2 Ne5 29. Bxe5 Bxe5 30. Nd4 h5
31. Ne6 Qb8 32. g3 f4 33. Kf3 fxg3 34. hxg3 Bxg3 35. Qd8+ Qxd8 36. Nxd8 Bc7 37. Ne6 Bd6 38. c4 Kg8 39. b3 Kf7 40. Ng5+ Kf6
41. Ne4+ Ke5 42. a4 h4 43. Nf2 Kd4
0-1

[Event "2020 Standard Chess Dropout Tournament, Round 3"]
[Site "SchemingMind.com"]
[Date "2020.11.17"]
[Round "3"]
[White "Clive Everill"]
[Black "Andreas Flato"]
[Result "0-1"]
[WhiteCountry "CZE"]
[BlackCountry "GER"]
[WhiteElo "1771"]
[WhiteRD "57"]
[BlackElo "1867"]
[BlackRD "122"]
[GameID "462099"]

1. e4 e5 2. Nc3 Bc5 3. f4 exf4 4. Nf3 g5 5. d4 Bb4 6. Bc4 g4 7. Ne5 Qh4+ 8. Kf1 h5 9. Bxf7+ Kd8 10. Bg6 Nh6
11. Bxf4 Qf6 12. g3 Bxc3 13. bxc3 Nc6 14. Nxc6+ bxc6 15. Bxh5 Rg8 16. Kg2 Ba6 17. Bxh6 Qxh6 18. Bxg4 Qe3 19. Qf3 Qd2+ 20. Qf2 Qxf2+
21. Kxf2 Rxg4 22. Ke3 Rb8 23. Rhf1 Bxf1 24. Rxf1 Ke7 25. Rf5 d6 26. Ra5 Rb7 27. Kf3 Rg7 28. e5 d5 29. h4 Rb1 30. Rxa7 Ke6
31. Ra6 Kd7 32. e6+ Kd6 33. a4 Rg1 34. a5 R1xg3+ 35. Kf2 Rxc3 36. Ra8 Kxe6 37. a6 Rxc2+ 38. Kf3 Kd7 39. a7 Ra2 40. Kf4 c5
41. dxc5 Kc6 42. Ke5 Rh7 43. Ke6 Rxh4 44. Rd8 Re4+ 45. Kf5 Rxa7 46. Rh8 Ra1 47. Rh6+ Kxc5 48. Rh2 Rf1+ 49. Kg5 Re8
0-1

[Event "2020 Standard Chess Dropout Tournament, Round 3"]
[Site "SchemingMind.com"]
[Date "2020.11.17"]
[Round "3"]
[White "maro"]
[Black "Aba"]
[Result "0-1"]
[WhiteCountry "MEX"]
[BlackCountry "ISR"]
[WhiteElo "1460"]
[WhiteRD "60"]
[BlackElo "1794"]
[BlackRD "66"]
[GameID "462100"]

1. e4 e5 2. d4 exd4 3. Qxd4 Nc6 4. Qe3 Nf6 5. Nf3 Bb4+ 6. c3 Ba5 7. e5 Ng4 8. Qd2 Ngxe5 9. Nxe5 Nxe5 10. Qe3 Qe7
11. Be2 Bb6 12. Qf4 Nd3+
0-1

[Event "2020 Standard Chess Dropout Tournament, Round 3"]
[Site "SchemingMind.com"]
[Date "2020.11.19"]
[Round "3"]
[White "Matthew Bailey"]
[Black "Dan Geana"]
[Result "1/2-1/2"]
[WhiteCountry "ENG"]
[BlackCountry "ROU"]
[WhiteElo "2598"]
[WhiteRD "68"]
[BlackElo "2643"]
[BlackRD "118"]
[GameID "462101"]

1. e4 e5 2. Nf3 Nc6 3. Bb5 a6 4. Ba4 Nf6 5. O-O Be7 6. Re1 b5 7. Bb3 O-O 8. a4 b4 9. d4 d6 10. dxe5 dxe5
11. Nbd2 Bc5 12. a5 h6 13. Qe2 Qe7 14. Bc4 Bg4 15. h3 Nd4 16. Qd1 Nxf3+ 17. Nxf3 Rfd8 18. Qe2 Bh5 19. Be3 Rd7 20. Red1 Bxe3
21. Qxe3 Rxd1+ 22. Rxd1 Bxf3 23. Qxf3 Qc5 24. Qb3 Rf8 25. Kh2 Nxe4 26. Rd5 Qxf2 27. Qf3 Qxf3 28. gxf3 Nd6 29. Bxa6 Ra8 30. Bd3 f6
31. Rc5 Kf8 32. a6 Ra7 33. c3 b3 34. Kg3 Ke7 35. Ra5 Ke6 36. h4 Nf5+ 37. Kh3 Ne3 38. Be2 Kd6 39. Ra3 c6 40. Rxb3 Kc7
41. h5 Nd5 42. Kh4 Ne3 43. Kg3=
1/2-1/2

[Event "2020 Standard Chess Dropout Tournament, Round 3"]
[Site "SchemingMind.com"]
[Date "2020.11.18"]
[Round "3"]
[White "Mihir Chandrashekhar"]
[Black "Arnold Jones"]
[Result "0-1"]
[WhiteCountry "IND"]
[BlackCountry "ENG"]
[WhiteElo "1738"]
[WhiteRD "73"]
[BlackElo "1627"]
[BlackRD "69"]
[GameID "462102"]

1. Nf3 d6 2. d4 Nf6 3. c3 Bg4 4. Bf4 Bxf3 5. exf3 d5 6. Bd3 Nc6 7. O-O e6 8. Nd2 Be7 9. b4 a6 10. a4 Qd7
11. b5 Na5 12. Nb3 Nc4 13. Bxc4 dxc4 14. Nd2 Qd5 15. Bxc7 a5 16. Qe2 Kd7 17. Be5 Rac8 18. Ne4 h6 19. Bxf6 gxf6 20. Rfd1 b6
21. Ng3 f5 22. Re1 f4 23. Nf1 h5 24. Qe4 Bd6 25. Ra2 Rce8 26. Rae2 f5 27. Qxd5 exd5 28. Rxe8 Rxe8 29. Rxe8 Kxe8 30. g3 Bb4
31. gxf4 Bxc3 32. Ne3 Bxd4 33. Nxf5 Bc5 34. Kf1 d4 35. Ke2 Kf7 36. Ng3 h4 37. Ne4 d3+ 38. Kd2 Bb4+ 39. Ke3 Kg6 40. h3 Kf5
41. Nc3 Bc5+ 42. Kd2 Kxf4
0-1

[Event "2020 Standard Chess Dropout Tournament, Round 3"]
[Site "SchemingMind.com"]
[Date "2020.11.17"]
[Round "3"]
[White "Mike Smith"]
[Black "Mihir Chandrashekhar"]
[Result "1-0"]
[WhiteCountry "ENG"]
[BlackCountry "IND"]
[WhiteElo "2051"]
[WhiteRD "90"]
[BlackElo "1743"]
[BlackRD "70"]
[GameID "462103"]

1. c4 e5 2. Nc3 Nf6 3. g3 Bc5 4. e3 e4 5. Bg2 Qe7 6. Nge2 c6 7. d4 Bb4 8. O-O d5 9. cxd5 cxd5 10. Nf4 Bxc3
11. bxc3 O-O 12. Qb3 Be6 13. Ba3
1-0

[Event "2020 Standard Chess Dropout Tournament, Round 3"]
[Site "SchemingMind.com"]
[Date "2020.11.17"]
[Round "3"]
[White "Robert Pallett"]
[Black "John C. Walton"]
[Result "0-1"]
[WhiteCountry "ENG"]
[BlackCountry "USA"]
[WhiteElo "2364"]
[WhiteRD "103"]
[BlackElo "2470"]
[BlackRD "118"]
[GameID "462104"]

1. e4 c5 2. Nf3 d6 3. d4 cxd4 4. Nxd4 Nf6 5. Nc3 a6 6. Bg5 Nbd7 7. Bc4 Qb6 8. Bb3 e6 9. O-O Be7 10. Be3 Nc5
11. f3 Qc7 12. a3 b5 13. Qd2 O-O 14. Ba2 Bb7 15. Rad1 Rac8
0-1

[Event "2020 Standard Chess Dropout Tournament, Round 3"]
[Site "SchemingMind.com"]
[Date "2020.11.17"]
[Round "3"]
[White "Michael Preier"]
[Black "PION4290"]
[Result "1-0"]
[WhiteCountry "GER"]
[BlackCountry "CAN"]
[WhiteElo "1537"]
[WhiteRD "131"]
[BlackElo "1695"]
[BlackRD "88"]
[GameID "462105"]

1. e4 c6 2. Nc3 d5 3. exd5 cxd5 4. d4 Bf5 5. Bb5+ Nc6 6. Nf3 Rc8 7. Ne5 Qb6 8. O-O e6 9. a3 Bd6 10. Bxc6+ bxc6
11. b4 Nf6 12. Bf4 Bc7 13. Na4 Qb5 14. Nc5 O-O 15. c3 h6 16. Qf3 g5 17. Qg3 Nh7 18. a4 Qe2 19. h4 f6 20. Bxg5 fxg5
21. hxg5 Nxg5 22. f4 Bxe5 23. dxe5 Qg4 24. Qxg4 Bxg4 25. fxg5 Rxf1+ 26. Rxf1 hxg5 27. Rf6 Re8 28. Rg6+ Kf7 29. Rxg5 Be2 30. Nb7 Re7
31. Nd6+ Kf8 32. Rg6 a6 33. Kf2 Bd3 34. Rf6+ Kg7 35. g4 Bg6 36. b5 cxb5 37. axb5 axb5 38. Nxb5 Rf7 39. g5 Bd3 40. Nd4 Rxf6+
41. gxf6+ Kf7 42. Nc6 Bf5 43. Ke3 Ke8 44. Kf4 Bd3 45. Kg5 Bb5 46. Nd4 Bd7 47. Kg6 Kf8 48. Nf3 Be8+ 49. Kh6 Bf7= 50. Ng5 Be8
51. Nxe6+ Kg8 52. Ng7 Bf7 53. e6 Bxe6 54. Nxe6 Kf7 55. Kg5 Kxe6 56. Kg6 Ke5 57. f7 Ke4 58. f8=Q Kd3 59. Qf3+ Kc4 60. Kf6 d4
61. cxd4 Kxd4 62. Ke6 Kc4 63. Qd5+ Kc3 64. Ke5 Kc2 65. Kd4 Kb2 66. Qc4 Ka3 67. Qb5 Ka2 68. Kc3 Ka1 69. Qb2#
1-0